| 000 | 00681nam a22001577a 4500 | ||
|---|---|---|---|
| 003 | SGT | ||
| 082 | _a531.1,YAD | ||
| 100 | _aYADAV,B.S | ||
| 245 | _aMECHANICS AND RELATIVITY | ||
| 250 | _a1ST | ||
| 260 |
_aNEW DELHI _bPRAGATI PRAKASHAN _c2012 |
||
| 300 | _a411 | ||
| 650 | _aCLASSICAL MECHANICS | ||
| 653 | _aKINEMATICS OF A PARTICLE AND FRICTIONAL FORCES, UNIFORM CIRCULAR MOTION, WORK AND ENERGY, CONSERVATIVE AND NON CONSERVATIVE FORCES, CENTER OF MASS, COLLISIONS, ROCKET PROPULSION, ROTATIONAL MOTION: TORQUE AND ANGULAR MOMENTUM, CONSERVATION OF ANGULAR MOMENTUM: MOTION OF TOP, MOTION UNDER CENTRAL FORCES: GRAVITATION, ELASTIC PROPERTIES OF SOLIDS | ||
| 942 |
_2ddc _cFPS _07 |
||
| 999 |
_c9300 _d9300 |
||